000 00509nam a2200169Ia 4500
999 _c18621
_d18621
003 OSt
005 20201001150001.0
008 190216s9999||||xx |||||||||||||| ||und||
040 _coclc
082 _a509
_bSIN/S
100 _aSinger, Charles
_95282
245 0 _aA Short History Of Scientific Ideas To 1900 /
_cCharles Singer
260 _bOxford At The Elerendan Press,
_aLondon:
_c1959.
300 _a516p
650 _aGeneral Science
942 _cBK
_2ddc
_h509
_iSIN/S
_k509
_mSIN/S